Score 0/20 Timer 03:00
0 Plays Today
'Great' Movie Missing Word % Correct
Great ___ of Fire!Balls
91.8%
The Great ___ RobberyTrain
76%
The Great ___Gatsby
75.1%
The Great ___Escape
67.6%
The Great ___ HopeWhite
58.5%
The Great ___ DetectiveMouse
57.6%
The Great ___ CaperMuppet
48.6%
___ the GreatAlexander
43.3%
Great ___Expectations
35.7%
Along the Great ___Divide
30.7%
'Great' Movie Missing Word % Correct
The Great ___ PepperWaldo
24.2%
The Great ___Dictator
20.8%
The Great ___Outdoors
19.9%
The Great ___Santini
17.2%
Who Is Killing the Great ___ of Europe?Chefs
16.7%
The Great ___Race
11.6%
Sometimes a Great ___Notion
10.9%
The Great ___Debaters
6%
The Great ___Ziegfeld
2.5%
The Great ___Lie
1.9%

Today's Daily Dose

Remove Ads.
Support Sporcle.
Get the best of Sporcle when you Go Orange. This ad-free experience offers more features, more stats, and more fun while also helping to support Sporcle. Thank you for becoming a member.

You're not logged in!

Compare scores with friends on all Sporcle quizzes.
OR
Log In

Show Comments

Extras

Top Quizzes Today


Score Distribution

Your Account Isn't Verified!

In order to create a playlist on Sporcle, you need to verify the email address you used during registration. Go to your Sporcle Settings to finish the process.

Report this User

Report this user for behavior that violates our Community Guidelines.

Details: